ბათუმის შოთა რუსთაველის სახელმწიფო უნივერსიტეტის ბიბლიოთეკა

ბალადა სიყვარულისა. (ბიბ.ჩანაწერი № 50051)

000 -LEADER
fixed length control field 00621nam a2200205Ia 4500
001 - CONTROL NUMBER
control field 16989
003 - CONTROL NUMBER IDENTIFIER
control field GE_BSU
008 - FIXED-LENGTH DATA ELEMENTS--GENERAL INFORMATION
fixed length control field 181216s||||||||xx |||||||||||||| ||und||
040 ## - CATALOGING SOURCE
Transcribing agency GE_BSU
080 ## - UNIVERSAL DECIMAL CLASSIFICATION NUMBER
Universal Decimal Classification number 821.353.1-1
100 ## - MAIN ENTRY--PERSONAL NAME
Personal name ამისულაშვილი, შალვა
245 ## - TITLE STATEMENT
Title ბალადა სიყვარულისა.
245 ## - TITLE STATEMENT
Statement of responsibility, etc. რედ.ი.ხოშტარია
260 ## - PUBLICATION, DISTRIBUTION, ETC.
Place of publication, distribution, etc. თბილისი
260 ## - PUBLICATION, DISTRIBUTION, ETC.
Name of publisher, distributor, etc. სახელგამი
260 ## - PUBLICATION, DISTRIBUTION, ETC.
Date of publication, distribution, etc. 1953
300 ## - PHYSICAL DESCRIPTION
Extent 115გვ. ; 19სმ.
653 ## - INDEX TERM--UNCONTROLLED
Uncontrolled term ბალადა სიყვარულისა
942 ## - ADDED ENTRY ELEMENTS (KOHA)
Koha item type წიგნი
ეგზემპლარები
Withdrawn status Lost status Damaged status Not for loan Date acquired Barcode Date last seen Price effective from Koha item type
        2018-12-17 21780 2018-12-17 2018-12-17 წიგნი